[Event "Mittelrhein Verbandsliga-W 1112"]
[Site "Germany"]
[Date "2011.11.13"]
[Round "3.2"]
[White "Wacker, Hans"]
[Black "Falter, Lennart"]
[Result "1-0"]
[WhiteElo "2091"]
[BlackElo "1970"]
[PlyCount "61"]
[EventDate "2011.09.18"]
[EventType "team-tourn"]
[EventRounds "11"]
[EventCountry "GER"]
[SourceTitle "EXT 2013"]
[Source "ChessBase"]
[SourceDate "2012.11.22"]
[SourceVersion "1"]
[SourceVersionDate "2012.11.22"]
[SourceQuality "1"]
[WhiteTeam "Pulheim"]
[BlackTeam "Aachen II"]
[WhiteTeamCountry "GER"]
[BlackTeamCountry "GER"]

1. c4 Nf6 2. Nc3 g6 3. d4 Bg7 4. e4 d6 5. f3 0-0 6. Be3 e5 7. Nge2 Nc6 8. Qd2 a5 9. Nd5 Nxd5 10. cxd5 exd4 11. Bg5 f6 12. Bh4 d3 13. Nc3 Nb4 14. Bxd3 Nxd3+ 15. Qxd3 g5 16. Bf2 Qe7 17. 0-0 h5 18. Rac1 f5 19. Bd4 fxe4 20. fxe4 Bg4 21. Nb5 Rxf1+ 22. Rxf1 Rf8 23. Rxf8+ Qxf8 24. h3 Bxd4+ 25. Qxd4 Be2 26. Nxc7 g4 27. Ne6 Qf1+ 28. Kh2 Qf7 29. Qe3 Bd1 30. Qg5+ Kh8 31. Qd8+ 1-0

[Event "GER-ch U12"]
[Site "Willingen"]
[Date "2008.05.16"]
[Round "9"]
[White "Falter, Lennart"]
[Black "Lebeda, Timo"]
[Result "0-1"]
[WhiteElo "1587"]
[BlackElo "1889"]
[PlyCount "66"]
[EventDate "2008.05.11"]
[EventType "swiss"]
[EventRounds "11"]
[EventCountry "GER"]
[SourceTitle "CBM 124 Extra"]
[Source "ChessBase"]
[SourceDate "2008.07.03"]
[SourceVersion "1"]
[SourceVersionDate "2008.07.03"]
[SourceQuality "1"]

1. e4 c5 2. Nc3 e6 3. f4 d5 4. Bb5+ Bd7 5. Bxd7+ Qxd7 6. Nf3 dxe4 7. Nxe4 Nc6 8. 0-0 Be7 9. d3 Nf6 10. Be3 Nxe4 11. dxe4 Qc7 12. Qe1 Rd8 13. Qc3 0-0 14. f5 exf5 15. exf5 Bf6 16. Qxc5 Bxb2 17. Rab1 Bf6 18. g4 Be7 19. Qc4 Rd7 20. g5 Ne5 21. Qh4 Nxf3+ 22. Rxf3 Qxc2 23. Rbf1 Bc5 24. Bxc5 Qxc5+ 25. Kh1 Rd4 26. Qh5 Qd5 27. Kg1 Rd1 28. Rxd1 Qxd1+ 29. Kg2 Re8 30. g6 Re2+ 31. Kh3 fxg6 32. fxg6 Qd7+ 33. Kh4 Rxh2+ 0-1

[Event "GER-ch U12"]
[Site "Willingen"]
[Date "2008.05.14"]
[Round "6"]
[White "Falter, Lennart"]
[Black "Hoepfner, Tim"]
[Result "1-0"]
[WhiteElo "1587"]
[BlackElo "1766"]
[PlyCount "47"]
[EventDate "2008.05.11"]
[EventType "swiss"]
[EventRounds "11"]
[EventCountry "GER"]
[SourceTitle "CBM 124 Extra"]
[Source "ChessBase"]
[SourceDate "2008.07.03"]
[SourceVersion "1"]
[SourceVersionDate "2008.07.03"]
[SourceQuality "1"]

1. e4 c5 2. Nc3 d6 3. f4 Nf6 4. Nf3 a6 5. d3 Nc6 6. g3 b5 7. Bg2 Bb7 8. 0-0 g6 9. Qe2 Nd7 10. e5 dxe5 11. fxe5 e6 12. Ng5 Nd4 13. Qf2 Bf3 14. Bxf3 Nxe5 15. Bxa8 Qxa8 16. Qf6 Nf5 17. Qxe5 Bg7 18. Qe4 Bd4+ 19. Kh1 Qb8 20. Bf4 e5 21. Qc6+ Kf8 22. Qf6 Qb7+ 23. Nce4 exf4 24. Ne6+ 1-0

[Event "NRW-ch U12"]
[Site "Kranenburg"]
[Date "2008.03.25"]
[Round "3"]
[White "Falter, Lennart"]
[Black "Simanowski, Mio"]
[Result "1-0"]
[WhiteElo "1525"]
[BlackElo "1397"]
[PlyCount "39"]
[EventDate "2008.03.24"]
[EventType "swiss"]
[EventRounds "7"]
[EventCountry "GER"]
[SourceTitle "EXT 2009"]
[Source "ChessBase"]
[SourceDate "2008.11.26"]
[SourceVersion "1"]
[SourceVersionDate "2008.11.26"]
[SourceQuality "1"]

1. e4 e5 2. f4 d6 3. Nf3 Nc6 4. Bc4 Nf6 5. Nc3 Be7 6. 0-0 0-0 7. d3 Bg4 8. h3 Bh5 9. g4 Nxg4 10. hxg4 Bxg4 11. Qe1 Bxf3 12. Rxf3 Nd4 13. Rh3 Nxc2 14. Qe2 Nxa1 15. Qh5 h6 16. fxe5 Bg5 17. Nd5 dxe5 18. Bxg5 Qd7 19. Nf6+ gxf6 20. Qg6+ 1-0